000 00256nam a22001217a 4500
008 180926b xxu||||| |||| 00| 0 eng d
041 _aeng
080 _a612.39
100 _a10
101 _aNUT
245 _aNutrition
_cSchilling, J.A
942 _2udc
_cBK
999 _c48497
_d48497